Revising the model standards for park homes (Record no. 105010)
[ view plain ]
| 000 -LEADER | |
|---|---|
| fixed length control field | 01418cam a2200193 4500 |
| 001 - CONTROL NUMBER | |
| control field | ##L132081 |
| 008 - FIXED-LENGTH DATA ELEMENTS--GENERAL INFORMATION | |
| fixed length control field | 060103n2005 000 0 eng u |
| 035 ## - SYSTEM CONTROL NUMBER | |
| System control number | (Sirsi) u132081 |
| 041 0# - LANGUAGE CODE | |
| Language code of text/sound track or separate title | eng |
| 050 04 - LIBRARY OF CONGRESS CALL NUMBER | |
| Classification number | 346.41043 $2 18 |
| 110 1# - MAIN ENTRY--CORPORATE NAME | |
| Corporate name or jurisdiction name as entry element | United Kingdom |
| Subordinate unit | Office of the Deputy Prime Minister |
| 245 00 - TITLE STATEMENT | |
| Title | Revising the model standards for park homes |
| Remainder of title | consultation paper on revised standards and guidance |
| 260 ## - PUBLICATION, DISTRIBUTION, ETC. | |
| Place of publication, distribution, etc. | London |
| Name of publisher, distributor, etc. | ODPM |
| Date of publication, distribution, etc. | 2005 |
| 520 ## - SUMMARY, ETC. | |
| Summary, etc. | Sets out government recommendations to revise and update the 1989 model standards for permanent residential mobile home sites. The model standards are good practice standards relating to such things as layout and provision of facilities, services and equipment for park home sites. Local authorities take them into account when considering what (if any) conditions should be attached to site licences. The updated model standards presented incorporate the recommendations of the Park Homes Working Party. Guidance notes which would accompany the standards are also included. Covers England and Wales. Responses are required by 13 April 2006. |
| 590 ## - LOCAL NOTE (RLIN) | |
| Local note | IKA030106 |
| 690 ## - LOCAL SUBJECT ADDED ENTRY--TOPICAL TERM (OCLC, RLIN) | |
| Topical term or geographic name as entry element | PROPERTY-RESIDENTIAL PROPERTY-TEMPORARY AND MOBILE RESIDENTIAL PROPERTY-TEMPORARY AND MOBILE RESIDENTIAL FACILITIES |
| 856 40 - ELECTRONIC LOCATION AND ACCESS | |
| Uniform Resource Identifier | <a href="https://www.communities.gov.uk/archived/publications/housing/revisingmodel">https://www.communities.gov.uk/archived/publications/housing/revisingmodel</a> |
| Public note | View the consultation free of charge at www.dclg.gov.uk... |
| 942 ## - ADDED ENTRY ELEMENTS (KOHA) | |
| Suppress in OPAC | 0 |
| Withdrawn status | Lost status | Source of classification or shelving scheme | Damaged status | Not for loan | Home library | Current library | Shelving location | Date acquired | Total Checkouts | Full call number | Barcode | Date last seen | Copy number | Price effective from | Koha item type |
|---|---|---|---|---|---|---|---|---|---|---|---|---|---|---|---|
| Dewey Decimal Classification | Virtual | Virtual | Online | 03/01/2006 | ONLINE PUBLICATION | 132081-2001 | 06/08/2019 | 1 | 06/08/2019 | Book |